• 首页
  • 本馆介绍
  • 公告通知
  • 最新文献
  • 馆藏检索
  • 电子资源
  • 读者导购
  • 参考咨询
  • 我的图书馆
  • 登录
  • 详细信息显示
  • 放入我的书架
  • 预约/预借图书
  • 作者相关作品
  • 分类相关作品
  • 丛书相关作品
  • 出版社相关作品

书目信息

  • 表格格式
  • 工作单格式
  • 卡片格式
题名:
商务外事指南
    
 
作者: 朱天然 编著
分册:  
出版信息: 成都   电子科技大学出版社  1996
页数: 264页
开本: 20cm
丛书名: 英语金钥匙
单 册:
中图分类: H31
科图分类:
主题词: 对外贸易--英语 , 对外贸易 , 英语
电子资源:
ISBN: 7-81043-230-3
000 00903oam2 2200277 45
001 01200660034051
005 20070113094752.37
010    @a7-81043-230-3@dCNY21.80
092    @aCN@b493830
100    @a20060512e20051996em y0chiy0120 ea
101 0  @achi
102    @aCN@b510000
105    @ay z 000yy
200 1  @a商务外事指南@9shang wu wai shi zhi nan@e英-中对照@f朱天然编著
210    @a成都@c电子科技大学出版社@d1996@h2005重印
215    @a264页@d20cm
225 2  @a英语金钥匙
330    @a本书以英中对照,口语为先导,从邀请到谈签约,从函电到订合同,涉外活动,工程投标,监理,外贸、广告等等,以及如何写函电、任命、外币对换、车际旅行、问路、购物、看病等内容。
461  0 @12001 @a英语金钥匙
606 0  @a对外贸易@x英语
606 0  @a对外贸易
606 0  @a英语
690    @aH31@v4
701  0 @a朱天然@9zhu tian ran@4编著
801  0 @aCN@bLZJBOOK@c20070113
905    @a10447@dH31@e1005
    
    商务外事指南:英-中对照/朱天然编著.-成都:电子科技大学出版社,1996(2005重印)
    264页;20cm.-(英语金钥匙)
    
    
    ISBN 7-81043-230-3:CNY21.80
    本书以英中对照,口语为先导,从邀请到谈签约,从函电到订合同,涉外活动,工程投标,监理,外贸、广告等等,以及如何写函电、任命、外币对换、车际旅行、问路、购物、看病等内容。
●
相关链接 在E读中查询图书 在五车中查询图书 在当当中查询图书 在豆瓣中查询图书


正题名:商务外事指南     索取号:H31/1005         预约/预借

序号 登录号 条形码 馆藏地/架位号 状态 备注
1 0563353   205633536   第二样本阅览室/ [索取号:H31/1005] 在馆    
2 0563354   205633545   第四借阅区/ [索取号:H31/1005] 在馆    
3 0563355   205633554   第四借阅区/ [索取号:H31/1005] 在馆    
4 0563356   205633563   第四借阅区/ [索取号:H31/1005] 在馆    
5 0563357   205633572   第四借阅区/ [索取号:H31/1005] 在馆    
6 0563358   205633581   第四借阅区/ [索取号:H31/1005] 在馆    
7 0563359   205633590   第四借阅区/ [索取号:H31/1005] 在馆    
8 0563360   205633607   第四借阅区/ [索取号:H31/1005] 在馆    
唐山师范学院图书馆 欢迎您!
大连网信软件有限公司© 版权所有